00385 a2200109 4500001001000000005001700010008004100027245009000068100002500158773007500183999001700258ART_3470020260410161855.0260409a 10aSistema de responsabilidad por daños causados o sufridos por niños o adolescentes1 aParellada, Carlos A.0 tDerecho privadogEducación - Año III, Nº 10 (mar. 2015)wREV10455 c25362d25362